|
|
|
|
| LEADER |
01150nam a2200277 a 4500 |
| 001 |
2667 |
| 003 |
BD-DhAAL |
| 005 |
20150608092158.0 |
| 008 |
150607s1996 caua b 000 0 eng d |
| 020 |
|
|
|a 0883902575 (acidfree paper) :
|c $89.95
|
| 020 |
|
|
|a 818675704X
|
| 040 |
|
|
|d BD-DhAAL
|
| 082 |
0 |
0 |
|a 658.4/02
|2 21
|
| 245 |
1 |
4 |
|a The Encyclopedia of team-building activities /
|c edited by J. William Pfeiffer, associated editor Carol Nolde.
|
| 260 |
|
|
|a San Diego, CA :
|b University Associates ;
|a New Delhi :
|b Ben Johnston Pub.,
|c 1996.
|
| 300 |
|
|
|a iv, 355 p. :
|b ill. ;
|c 24 cm.
|
| 504 |
|
|
|a Includes bibliographical references.
|
| 541 |
1 |
|
|e 2667
|
| 650 |
|
0 |
|a Teams in the workplace.
|9 8445
|
| 650 |
|
0 |
|a Organizational change.
|9 11765
|
| 700 |
1 |
|
|a Pfeiffer, J. William.
|9 6959
|
| 700 |
1 |
|
|a Nolde, Carol.
|9 11766
|
| 942 |
|
|
|2 ddc
|c BK
|
| 999 |
|
|
|c 34638
|d 34638
|
| 952 |
|
|
|0 0
|1 0
|2 ddc
|4 0
|6 658_402000000000000_ENC
|7 0
|9 54098
|a SCL
|b SCL
|c GEN
|d 2015-06-08
|l 0
|o 658.402 ENC
|p 3020002667
|r 2015-06-08
|t 1
|w 2015-06-08
|y BK
|
| 952 |
|
|
|0 0
|1 0
|2 ddc
|4 0
|6 658_402000000000000_ENC
|7 0
|9 54099
|a SCL
|b SCL
|c GEN
|d 2015-06-08
|l 0
|o 658.402 ENC
|p 3020002346
|r 2015-06-08
|t 2
|w 2015-06-08
|y BK
|